Statistics for Republic of the Congo Country Quiz

Click here to take the quiz!

General Stats

  • This quiz has been taken 11,865 times
    (11,838 since last reset)
  • The average score is 10 of 14

Answer Stats

HintAnswer% Correct
River on which they are locatedCongo
95%
Official languageFrench
91%
Line of latitude the ROC lies onEquator
88%
"ism" that was the country's official
ideology from 1969–1992
Marxism-Leninism
87%
Capital cityBrazzaville
85%
Major city south of the aboveKinshasa
85%
87% of exports is thisOil
80%
Name of the country during
those years
{People}'{s} Republic
of the Congo
76%
Bordering major gulfGulf of {Guinea}
75%
The above is the world's _____ riverDeepest
62%
Indigenous group of short
stature who face extreme
discrimination and slavery
Pygmies
60%
Staple crop also known as
manioc or yuca
Cassava
32%
Second most-populous cityPointe-{Noir}e
28%
Ethnic group of half the populationKongo
18%

Score Distribution

Percentile by Number Answered

Percent of People with Each Score

Your Score History

You have not taken this quiz since the last reset